000 00746nam a2200205Ia 4500
003 OSt
005 20250627160843.0
008 210210b1998 xxu||||| |||| 00| 0 eng d
040 _cAL
082 _aK894.9 KARK
100 _aKARNATAKA SAHITYA AKADEMI
_d ಕರ್ನಾಟಕ ಸಾಹಿತ್ಯ ಅಕಾಡೆಮಿ
_9216345
245 _aKemanna. muttina hara malike
_b ಕೇಮಣ್ಣ. ಮುತ್ತಿನ ಹಾರ ಮಾಲಿಕೆ
260 _aBengaluru.
_bKarnataka Sahitya Akademi.,
_c1998
300 _axvi,40
650 _aMuttina Hara Geeta Nagabhushana
_9216346
690 _aKannada Criticism
_9216347
700 _aGeeta Nagabhushana
_dಗೀತಾ ನಾಗಭೂಷಣ
_9216348
906 _a057821
942 _2ddc
_cBK
999 _c105223
_d105223